Statistics for All Different Kinds of Clouds

Click here to take the quiz!

General Stats

  • This quiz has been taken 58 times
  • The average score is 6 of 10

Answer Stats

Answer% Correct
Cumulus
92%
Cirrus
81%
Cumulonimbus
75%
Stratus
69%
Cirrostratus
58%
Cirrocumulus
50%
Altocumulus
47%
Altostratus
47%
stratocumulus
47%
Nimbostratus
44%

Score Distribution

Percentile by Number Answered

Percent of People with Each Score

Your Score History

You have not taken this quiz